00418nam a2200157Ia 4500008004100000020001800041082001200059100002300071245004100094250000700135260004600142300002300188500001900211600001500230650001500245240925s9999 xx 000 0 und d a9789834708559 a657 HAN aHaniff, Mohd Nizal 0aFundamentals of Financial Accounting aNA aKarachi:bOxford University Pressc,2014. a193p.b0fOriginal aIncludes Index aManagement aAccounting